|
|
|
|
| LEADER |
00000cam a2200000 7i4500 |
| 001 |
0000027260 |
| 005 |
20170124.0 |
| 008 |
170124 my a may |
| 040 |
|
|
|a INS
|
| 090 |
0 |
0 |
|a VO309
|
| 110 |
1 |
|
|a Kursus pengumpulan data NAPIC ,
|d 2015 23 -26 Mac
|c INSPEN, Bangi
|
| 245 |
0 |
0 |
|a Kursus pengumpulan data NAPIC :
|b 23 - 26 Mac 2015
|c Anjuran Pusat Pengurusan dan Teknologi Maklumat, INSPEN
|
| 260 |
|
|
|a Bangi :
|b Institut Penilaian Negara ,
|c 2015
|
| 300 |
|
|
|a 1v. ( Various pagings ) :
|b ill ;
|c 30 cm.
|
| 650 |
|
0 |
|a Data processing
|
| 650 |
|
0 |
|a Interrelated data
|x Data processing
|
| 710 |
1 |
|
|a INSPEN ( Institut Penilaian Negara )
|
| 999 |
|
|
|a VO00000842
|b BOOK
|c Course Notes
|e Default branch
|
| 999 |
|
|
|a VO00000843
|b BOOK
|c Course Notes
|e Default branch
|
| 999 |
|
|
|a VO00000939
|b BOOK
|c Course Notes
|e Default branch
|